El tesoro del Ateneo y sus guardadores / (Record no. 193648)

MARC details
000 -LEADER
campo de control de longitud fija 01165nam a2200301 i 4500
001 - NÚMERO DE CONTROL
campo de control 193648
003 - IDENTIFICADOR DE NÚMERO DE CONTROL
campo de control ES-MaACL
005 - FECHA Y HORA DE LA ÚLTIMA TRANSACCIÓN
campo de control 20250826063152.0
007 - CAMPO FIJO DE DESCRIPCIÓN FÍSICA--INFORMACIÓN GENERAL
campo de control de longitud fija ta
008 - DATOS DE LONGITUD FIJA--INFORMACIÓN GENERAL
campo de control de longitud fija 240201s1934 sp | |||| 000 spa
040 ## - FUENTE DE CATALOGACIÓN
Centro catalogador/agencia de origen Es-MaACL
100 1# - ENTRADA PRINCIPAL--NOMBRE DE PERSONA
Nombre de persona Pérez Bojart, José
Término indicativo de función/relación Autor
9 (RLIN) 90671
245 13 - MENCIÓN DEL TÍTULO
Título El tesoro del Ateneo y sus guardadores /
Mención de responsabilidad, etc. José Pérez Bojart
264 #1 - PRODUCCIÓN, PUBLICACIÓN, DISTRIBUCIÓN, FABRICACIÓN Y COPYRIGHT
Producción, publicación, distribución, fabricación y copyright [Madrid] :
Nombre del de productor, editor, distribuidor, fabricante Ahora,
Fecha de producción, publicación, distribución, fabricación o copyright [1934]
300 ## - DESCRIPCIÓN FÍSICA
Extensión 1 página :
Otras características físicas 3 ilustraciones ;
Dimensiones 42 cm
336 ## - TIPO DE CONTENIDO
Término de tipo de contenido Texto
Fuente rdacontent
337 ## - TIPO DE MEDIO
Nombre/término del tipo de medio sin mediación
Fuente rdamedia
338 ## - TIPO DE SOPORTE
Nombre/término del tipo de soporte volumen
Fuente rdacarrier
500 ## - NOTA GENERAL
Nota general Fotocopia del artículo de José Pérez Bojart sobre la Biblioteca del Ateneo de Madrid, publicado en "Ahora", 6 de diciembre de 1934, p. 11
530 ## - NOTA DISPONIBLE DE FORMULARIO FÍSICO ADICIONAL
Nota de formato físico adicional disponible Disponible en formato digital
610 24 - PUNTO DE ACCESO ADICIONAL DE MATERIA--NOMBRE DE ENTIDAD CORPORATIVA
Nombre de entidad corporativa o nombre de jurisdicción como elemento de entrada Ateneo de Madrid.
Unidad subordinada Biblioteca
9 (RLIN) 1951
655 #4 - TERMINO DE INDIZACIÓN--GENERO/FORMA
Datos o término principal de género/forma Artículos
9 (RLIN) 175745
852 4# - LOCALIZACIÓN
Ubicación ES-MaACL
Ubicación en estantería Depósito folletos
Número de control de estantería 2347-F-23
itemnumber 201158
856 ## - LOCALIZACIÓN Y ACCESO ELECTRÓNICOS
Identificador Uniforme de Recursos <a href="https://hemerotecadigital.bne.es/hd/es/viewer?id=a1212c0d-63b6-48eb-8fa8-7505319c1440&page=11">https://hemerotecadigital.bne.es/hd/es/viewer?id=a1212c0d-63b6-48eb-8fa8-7505319c1440&page=11</a>
Texto de enlace Versión en línea
Nota pública (Hemeroteca Digital)
942 ## - ELEMENTOS DE ENTRADA SECUNDARIOS (KOHA)
Fuente del sistema de clasificación o colocación Clasificación decimal universal
Tipo de ítem Koha Artículo de prensa
Suprimir en OPAC No
Holdings
Estatus retirado Estado de pérdida Fuente del sistema de clasificación o colocación Estado de daño No para préstamo Colección Biblioteca de origen Biblioteca actual Ubicación en estantería Fecha de adquisición Total de préstamos Signatura topográfica completa Código de barras Visto por última vez Tipo de ítem Koha
    Clasificación decimal universal     Fondo Ateneo de Madrid Biblioteca del Ateneo de Madrid Biblioteca del Ateneo de Madrid Depósito folletos 01/02/2024   2347-F-23 101206620 01/02/2024 Artículo de prensa